Laporan ekonomi 2001/ 2002.
| Corporate Author: | |
|---|---|
| Format: | Book |
| Published: |
Kuala Lumpur:
Kementerian Kewangan,
2001.
|
| Subjects: |
| LEADER | 00448cam a2200157 7i4500 | ||
|---|---|---|---|
| 001 | 0000010408 | ||
| 005 | 20020131090000.0 | ||
| 022 | 0 | 0 | |a 13944355 |
| 090 | 0 | 0 | |a M 330.9 |b KEM |
| 110 | 2 | 0 | |a Kementerian Kewangan |
| 245 | 2 | 0 | |a Laporan ekonomi 2001/ 2002. |
| 260 | 0 | 0 | |a Kuala Lumpur: |b Kementerian Kewangan, |c 2001. |
| 300 | # | # | |a 259 p. |
| 650 | 0 | 0 | |a Economic conditions -- |z Malaysia |
| 651 | 0 | 0 | |a Malaysia |
| 999 | |a B000012992 |b Book |c Malaysia |e Business Information Centre | ||